Law of insurance / (Record no. 1024)
[ view plain ]
| 000 -LEADER | |
|---|---|
| fixed length control field | 00685cam a2200229 a 4500 |
| 001 - CONTROL NUMBER | |
| control field | 17013695 |
| 005 - DATE AND TIME OF LATEST TRANSACTION | |
| control field | 20241111170127.0 |
| 008 - FIXED-LENGTH DATA ELEMENTS--GENERAL INFORMATION | |
| fixed length control field | 100702s2010 ii v 001 0 eng d |
| 020 ## - INTERNATIONAL STANDARD BOOK NUMBER | |
| International Standard Book Number | 9788170126522 (pbk.) |
| 020 ## - INTERNATIONAL STANDARD BOOK NUMBER | |
| International Standard Book Number | 8170126525 (pbk.) |
| 050 00 - LIBRARY OF CONGRESS CALL NUMBER | |
| Classification number | KNS931 / KF1164.3 |
| Item number | .S564 2010 / .Si6 2010 |
| 082 04 - DEWEY DECIMAL CLASSIFICATION NUMBER | |
| Classification number | 346.54086 |
| Edition information | 22 |
| 100 0# - MAIN ENTRY--PERSONAL NAME | |
| Personal name | Singh, Avtar, |
| Dates associated with a name | 1932- |
| 245 10 - TITLE STATEMENT | |
| Title | Law of insurance / |
| Statement of responsibility, etc. | Avtar Singh. |
| 250 ## - EDITION STATEMENT | |
| Edition statement | 2nd ed. |
| 260 ## - PUBLICATION, DISTRIBUTION, ETC. | |
| Place of publication, distribution, etc. | Lucknow : |
| Name of publisher, distributor, etc. | Eastern Book Co., |
| Date of publication, distribution, etc. | 2010. |
| 300 ## - PHYSICAL DESCRIPTION | |
| Extent | lxiv, 470, 15 p. ; |
| Dimensions | 24 cm. |
| 500 ## - GENERAL NOTE | |
| General note | Imprint on t.p. verso: Lucknow : EBC Pub. |
| 500 ## - GENERAL NOTE | |
| General note | Includes index. |
| 650 #0 - SUBJECT ADDED ENTRY--TOPICAL TERM | |
| Topical term or geographic name entry element | Insurance law |
| Geographic subdivision | India. |
| 942 ## - ADDED ENTRY ELEMENTS (KOHA) | |
| Source of classification or shelving scheme | Library of Congress Classification |
| Koha item type | Books |
| Edition | 2nd Ed. |
| Suppress in OPAC | No |
| 999 ## - | |
| -- | 1024 |
| -- | 1024 |
| Withdrawn status | Lost status | Source of classification or shelving scheme | Damaged status | Not for loan | Collection | Home library | Current library | Shelving location | Date acquired | Total checkouts | Full call number | Barcode | Date last seen | Copy number | Price effective from | Koha item type |
|---|---|---|---|---|---|---|---|---|---|---|---|---|---|---|---|---|
| Library of Congress Classification | Non-fiction | Law Library (Miotso) | Law Library (Miotso) | General stacks | 11/11/2024 | KF1164.3.Si6 SIN | llm00000822 | 11/11/2024 | 1 | 11/11/2024 | Books |